| 000 | 00394nam a2200133Ia 4500 | ||
|---|---|---|---|
| 008 | 220217s9999||||xx |||||||||||||| ||und|| | ||
| 020 | _a81-88849-03-0 | ||
| 082 | _a621.392 SAM | ||
| 100 | _aSamuel, Sudhaker, R.D | ||
| 245 | 0 | _aIllustrative approach to Logic Design | |
| 260 |
_aSanguine Technical Publishers _bBangalore _c2008 |
||
| 300 | _b300 | ||
| 650 | _aDIGITAL DESIGN/LOGIC DESIGN | ||
| 999 |
_c176858 _d176858 |
||